000 00962nam a2200217Ia 4500
003 Ost
005 20260507075635.0
008 260507s9999||||xx |||||||||||||| ||und||
040 _cfsecg
041 _aara
082 _a332.642
100 _aحنفي، عبد الغفار
_eمؤلف
245 0 _aبورصات الأوراق النقدية /
_c عبد الغفار حنفي
260 _aالإسكندرية:
_bدار الجامعة الجديدة للنشر,
_c2002
300 _a419 صفحة؛
_bإيضاحات ؛
_c24 سم
520 _aالإستثمار وأدوات الاوراق المالية- قياس عائد ومخاطر الأوراق المالية- تحليل وتقويم الأسهم- تقويم السندات- أسواق رأس المال في مصر- مدخل التنبؤ بمؤشرات الأسهم
653 _aالإستثمار
653 _aالأوراق النقدية
653 _aالبورصات
942 _cكتاب
999 _c45278
_d45278